| 000 | 00458nam a2200181Ia 4500 | ||
|---|---|---|---|
| 008 | 230524s9999 xx 000 0 und d | ||
| 020 | _a9789382332336 | ||
| 082 | _bALA | ||
| 100 |
_aS.N. Alam _942990 |
||
| 245 | 0 | _aUnderstanding MATLAB : A Textbook for Beginners | |
| 250 | _a1 | ||
| 260 |
_aNew Delhi _bI.K.International _c2014 |
||
| 300 | _a"XI,313p;" | ||
| 500 | _aQuantity Number: 1 | ||
| 650 | _aComp-Sc | ||
| 700 |
_aAlam _942991 |
||
| 942 | _cBK | ||
| 999 |
_c57939 _d57939 |
||